000 01311nam a2200301 a 4500
001 BRCA_4947
005 20190320204855.0
008 211010s1809----mx-#######---#000-0#spa-#
041 _aspa
044 _amx
084 _aDOC41
_b.T65
_c1809
100 1 _aTolsá y Sarrion, Manuel
_d1757-1825
_912570
245 1 0 _aDocumento firmado por Don Manuel Tolsá y Sarrion
_cManuel Tolsá y Sarrion ; Pedro de Garibay.
260 _aMéxico
_c1809
300 _a[1] foja
_c30 x 21 cm.
500 _aDocumento firmado el 7 de agosto de 1809.
500 _aDocumento autógrafo de Don Manuel Tolsá por
_850 pesos, como pago de sus honorarios por las obras del Cuartel de Caballería de Peredo, mandado hacer por el virrey Don Pedro Garibay.
500 _aEl documento contiene la leyenda DOC.#50
500 _aPapel con marca de agua.
500 _aEstado de conservación: contiene manchas de acidez en el margen izquierdo.
506 0 _aFondo Reservado. Para su consulta es necesario credencial de usuario y carta de motivos.
546 _aTexto en: español de principios del siglo XIX.
600 1 4 _aTolsá y Sarrion, Manuel
_d1757-1825
_xHistoria
_912571
651 4 _aMéxico
_xHistoria
_yColonia, 1521-1821
_912461
700 1 _aGaribay, Pedro de
_d1721-1815
_912572
902 _aFDH
942 _2lcc
_cD
999 _c4641
_d4641